01694cam a22003977a 4500003000500000005001700005008004100022010001000063011001000073035001000083040000900093090001000102100003800112245024200150260006300392300003100455502017000486590003700656590004100693590004100734590004100775590004100816590004200857650002200899650003100921650003400952650002200986650002601008650003301034901000701067905002601074942001001100949004201110999001701152952012701169CHAP20220817043532.0990520d1996 mx b r 00110 spa d a77866 a78838 a88939 cCHAP aTesis00aSosa Martínez, Arminda.910881210aFactibilidad agroecológica para la producción de palma camedor (Chamaedorea elegans Max.) y nuez de macadamia (Macadamia integrifolia Maiden & Betche) en los cafetales de la región de Atoyac, Veracruzc/ por Arminda Sosa Martínez aTepetates, Mpio. M.F. Altamirano, Ver. :bEl autor,c1996. a141 h. :bgráfs. , mapas aTesis (M.C. Esp. en Agroecosistemas Tropicales) -- Colegio de Postgraduados. Instituto de Recursos Naturales. Campus Veracruz. Programa de Agroecosistemas Tropicales aALEPHb10c20130110lUCH01h1429 aBATCH-UPDb10c20130110lUCH01h0258 aBATCH-UPDb10c20130110lUCH01h1937 aBATCH-UPDb10c20130409lUCH01h2329 aBATCH-UPDb10c20130914lUCH01h0811 aCONVERSIONb10c20130109lUCH01h134314aCafézVeracruz.14aCultivos asociados.93037014aEcología agrícola.93516514aMacadamia.96932714aPalma camedor.98494114aSistemas de cultivo.9106746 aBK aBlanca M. García O. cTESIS bBCcTESd889391eTS1h33978i88939sb c77866d77866 00102local4051708TESISaBCbBCcPA_TESISd2019-12-31fTESISl0oTesisp889391r2019-12-31 00:00:00w2019-12-31yTESIS